Quizzes
Events
Quiz Creation
Community
Videos
Private Events
Remove Ads
Sign In
Join for FREE
Feedback
Dark Mode
Quiz Categories
Sports
Geography
Music
Movies
Television
Just For Fun
Miscellaneous
History
Literature
Language
Science
Gaming
Entertainment
Religion
Holiday
For Kids
Quiz Lab
Recent
Popular Today
Quiz Kudos Today
Editor Picks
Curator Picks
Quizzes by...
Day
Popularity
Type
Ratings
Length
Year
Community
Subscriptions
Recent Discussions
Orange Saloon
Badges
Playlists
Quests
Create
Leaderboards
Showdown
Live 5
Trivia Bingo
Activity
Puzzle Library
Sporcle Events
Private Events
Virtual Trivia
Globe League
Become a Host
Pub Owners
SporcleCon
Opinionation
Our Games
Videos
Blog
Mobile Apps
Partnerships
Remove Ads and Go Orange
Feedback
Sports
Athletes
MLB
NBA
NHL
NFL
Soccer
Sports Teams
WWE
NCAA
Football
Premier League
Basketball
Baseball
Hockey
Golf
Tennis
Cricket
Rugby
Auto Racing
Olympics
World Cup
Sports
Athletes
MLB
NBA
NHL
NFL
Soccer
Sports Teams
WWE
NCAA
Football
Premier League
Basketball
Baseball
Hockey
Golf
Tennis
Cricket
Rugby
Auto Racing
Olympics
World Cup
Random Quiz
Search Sporcle
×
Quiz Lab
Quiz Lab
Sports
NCAA
Type in answers that appear in a list
Type in answers that appear in a list
Classic
Best Score? Go Orange.
NCAA Basketball 2012 All-Americans Stats
Can you name the NCAA Basketball 2012 All-Americans?
By
chipchampagne
10m
20 Questions
91 Plays
91 Plays
91 Plays
Comments
Comments
Give Quiz Kudos
Give Quiz Kudos
-
- Ratings
hide this ad
Replay
Link that replays current quiz
Next Quiz
Link to next quiz in quiz playlist
You Got
0%
They Got
Avg Score
61%
Avg Friend Score
Upgrade to see
Score Distribution
Jump to the score distribution portion of the page
Score
0/20
Timer
10:00
0
Plays Today
Team
Player
% Correct
Kentucky
F 6'10 Anthony Davis Fr.
95.6%
Player of the Year
F 6'10 Anthony Davis Fr. Kentucky
95.6%
Kansas
F 6'10 Thomas Robinson Jr.
90.1%
Ohio State
C 6'9 Jared Sullinger So.
86.8%
North Carolina
C 7'0 Tyler Zeller Sr.
79.1%
Michigan State
F 6'7 Draymond Green Sr.
76.9%
North Carolina
G 6'4 Kendall Marshall So.
71.4%
West Virginia
F 6'8 Kevin Jones Sr.
68.1%
Kansas
G 6'3 Tyshawn Taylor Sr.
67%
Creighton
F 6'7 Doug McDermott So.
65.9%
Team
Player
% Correct
Kentucky
F 6'7 Michael Kidd-Gilchrist Fr.
64.8%
Marquette
F 6'6 Jae Crowder Sr.
54.9%
Coach of the Year
Bill Self Kansas
51.6%
Murray State
G 6'0 Isaah Canaan Jr.
50.5%
Missouri
G 6'3 Marcus Denmon Sr.
46.2%
Vanderbilt
G 6'4 John Jenkins Jr.
41.8%
Weber State
G 6'3 Damian Lillard Jr.
36.3%
2nd Team
4.4%
3rd Team
4.4%
1st Team
4.4%
Quiz Playlist
Details
Report
Send in Message
Add To Playlist
Classic:
Type in answers that appear in a list
Last Updated: Feb 16, 2017
Quiz Scoreboard
CHALLENGE
Sign Up to Join the Scoreboard
Show All
Scores
Hide
Comments
May contain spoilers
Recently Published
Movies - When Are They Set?
by FPL_Elf
Movies
5m
Popular People in 1961
by mucciniale
History
6m
1-10 Letter E Words III
by El_Dandy
Language
2m
More to Explore
Quiz From the Vault
Featured Blog Post
Where Did the Easter Bunny Come From?
hide this ad
You Might Also Like...
Tags
Basketball Quiz
NCAA Quiz
2012
All-American
Today's Top Quizzes in Sports
Browse Sports
hide this ad
Today's Top Quizzes in NCAA
Browse NCAA
Top Contributed Quizzes in Sports
1
Les meilleurs buteurs des matchs entre le PSG et l’OM
2
2022 World Cup Stars
3
FIFA Club World Cup Champions
4
Les entraîneurs de l'OM et du PSG au 21e siècle
5
Name the Premier League winners with different clubs
6
La finale Lions - Afrique du Sud 2021
7
Criteria MLB: Left Handed Sluggers
8
Les joueurs passés par le LOSC et le RC Lens
9
Players with Multiple 50 Home Run Seasons
10
MLB Players with Two .350 Batting Average Seasons
Explore More
Trending Topics
Marvel
Harry Potter
Disney
Anime
Kpop
NBA
Crossword
Song
NFL
The Office
Puzzle
WWE
Country
Soccer
Pokémon
hide this ad
More By:
chipchampagne
Quiz
Plays
Rating
Category
Featured
Created
NBA All-Stars 2012 by Team
102
5.00
Sports
Apr 2, 2012
NCAA Basketball 2012 All-Americans
91
3.00
Sports
Apr 3, 2012
Impossible Quiz
60
1.00
Entertainment
May 3, 2012
World Series Champs
45
2.00
Sports
Apr 6, 2012
Go to Creator's Profile
Score Distribution
Quiz Creator Spotlight
chipchampagne
Follow
Send a Message
Quizzes Created
-
Created Quiz Play Count
-
More By This Creator
Popular Quizzes Today
1
Find the Countries of Europe - No Outlines Minefield
2
Find the US States - No Outlines Minefield
3
The Countries of the World
4
Popular People in 1961
5
US States
6
1-10 Letter E Words III
7
Find the US States
8
One Thing in Common: World Cities II
More Sports Quizzes
Symbol Cryptogram: NHL Teams II
Curator's Pick
Trending Quizzes
Risky Map Clicking: Least Populous States A-Z
1-10 Letter F Words
1-10 Letter G Words
One Thing in Common: United Kingdom
Risky Map Clicking: Next State Alphabetically
Recently Updated
Leaping Animals
pecheneg
Reality TV Shows (A-Z)
bhenderson79
Rickey Henderson's Hall of Fame Teammates
pecheneg
Champions League XIs: Arsenal
pecheneg
Quick Pick: Celebrities in WWE's Hall of Fame
aduchscher
A-Z Keypad Blitz II
pecheneg
Multiple Oscar Actors
pecheneg
Mystery Phrase Blitz: Oscar 'Best Actors'
pecheneg
F. Scott Fitzgerald Novels
LTH
Pick 3 Villains
ddd62291
Trending Topics
Harry Potter
NBA
Anime
Disney
Crossword
Kpop
Marvel
Soccer
Song
WWE
Pokémon
NFL
The Office
Puzzle
Country
Your Account Isn't Verified!
In order to create a playlist on Sporcle, you need to verify the email address you used during registration. Go to your
Sporcle Settings
to finish the process.
Report this User
Report this user for behavior that violates our
Community Guidelines
.
Details:
Send Report
Go to the Sporcle.com Mobile Site →
Comments